Quan l'amor neix / (Record no. 85285)

MARC details
000 -LEADER
campo de control de longitud fija 00594nam a2200193 i 4500
001 - NÚMERO DE CONTROL
campo de control 85285
003 - IDENTIFICADOR DE NÚMERO DE CONTROL
campo de control ES-MaACL
005 - FECHA Y HORA DE LA ÚLTIMA TRANSACCIÓN
campo de control 20230906175220.0
007 - CAMPO FIJO DE DESCRIPCIÓN FÍSICA--INFORMACIÓN GENERAL
campo de control de longitud fija t|
008 - DATOS DE LONGITUD FIJA--INFORMACIÓN GENERAL
campo de control de longitud fija 041126s1968 sp ||||1| cat d
100 1# - ENTRADA PRINCIPAL--NOMBRE DE PERSONA
Nombre de persona Jouvenroux.
9 (RLIN) 67044
245 10 - MENCIÓN DEL TÍTULO
Título Quan l'amor neix /
Mención de responsabilidad, etc. Jouvenroux ; [traductor, Josep Hortáola ; versió revisada pel Manuel Baselga Monte].
250 ## - MENCION DE EDICION
Mención de edición [6ª ed.].
260 ## - PUBLICACIÓN, DISTRIBUCIÓN, ETC.
Lugar de publicación, distribución, etc. Barcelona :
Nombre del editor, distribuidor, etc. Nova Terra,
Fecha de publicación, distribución, etc. [1968]
300 ## - DESCRIPCIÓN FÍSICA
Extensión 178 p. ;
Dimensiones 16 cm.
700 1# - ENTRADA AGREGADA--NOMBRE PERSONAL
Nombre de persona Hortáola, Josep.
9 (RLIN) 128036
700 1# - ENTRADA AGREGADA--NOMBRE PERSONAL
Nombre de persona Baselga Monte, Manuel.
9 (RLIN) 26279
852 ## - LOCALIZACIÓN
Ubicación ES-MaACL
Número de control de estantería C-36149
Sublocalización o colección R.66486
Holdings
Estatus retirado Estado de pérdida Estado de daño No para préstamo Biblioteca de origen Biblioteca actual Ubicación en estantería Fecha de adquisición Fuente de adquisición Total de préstamos Signatura topográfica completa Código de barras Visto por última vez Precio de reemplazo Tipo de ítem Koha
        Biblioteca del Ateneo de Madrid Biblioteca del Ateneo de Madrid Depósito 2 17/01/2008     C-36149 1089124 23/02/2023 23/02/2023 Libro impreso